[Event "HCL-M861"]
[Site "www.playchess.de"]
[Date "2006.01.10"]
[Round "10"]
[White "TonyP"]
[Black "Harijs"]
[WhiteElo "2092"]
[BlackElo "1836"]
[PlyCount "66"]
[Result "1/2-1/2"]

1.d4 {Good luck.}  f5 {Hello from Latvia! Good 
game.}  2.Nf3 Nf6 3.g3 e6 4.Bg2 Bb4+ 5.c3 Be7 
6.O-O O-O 7.c4 d5 8.b3 dxc4 9.bxc4 Nc6 10.Bb2 Ne4 
11.Nbd2 Bf6 12.Nxe4 fxe4 13.Ne5 Bxe5 14.dxe5 e3 
15.fxe3 Rxf1+ 16.Qxf1 Bd7 17.Rd1 Qe7 18.Qe1 Rf8 
19.Rd3 Nb4 20.Rb3 a5 21.Ba3 b6 22.Bxb4 axb4 
23.Rxb4 Qc5 24.Qc3 Rf5 {Merry Christmas!}  25.Rb3 
Qxe5 26.Qd4 {Hope you had a good Christmas - and 
best wishes for the New Year!}  Qa5 27.Qa1 Rf8 
{Happy New Year!}  28.Rd3 Bc8 29.Rd4 Qa3 30.Rd3 
Qa4 31.Rd4 Qa3 32.Rd3 Qa4 33.Rd4 Qa3 {(offering 
draw)}  1/2-1/2

[Event "HCL-C3898"]
[Site "www.playchess.de"]
[Date "2006.01.10"]
[Round "17"]
[White "desanturat"]
[Black "zemljanin"]
[WhiteElo "800"]
[BlackElo "1460"]
[PlyCount "80"]
[Result "1/2-1/2"]

1.e4 e6 2.d4 d5 3.e5 f6 4.Nf3 fxe5 5.Nxe5 g6 6.Nd2 
Bg7 7.Ndf3 Nd7 8.Bg5 Bf6 9.h4 Bxg5 10.hxg5 Nxe5 
11.Nxe5 Qxg5 12.Bb5+ Ke7 13.O-O a6 14.Ba4 b5 
15.Bb3 Bb7 16.Qe2 Nh6 17.Rae1 Rae8 18.Nd3 Kf7 
19.Nc5 Bc8 20.c3 Re7 21.a4 c6 22.axb5 axb5 23.Bc2 
Rhe8 24.Nd3 Kg7 25.Qe5+ Qf6 26.Qxf6+ {Sorry... To 
much much work}  Kxf6 27.Ne5 Bb7 28.Rea1 Nf7 
29.Rfe1 Nxe5 30.Rxe5 Ra8 31.Ree1 Ree8 32.b4 Reb8 
33.f4 Bc8 34.Kf2 Ra6 35.Rxa6 Bxa6 36.g4 h5 37.g5+ 
Kf7 38.Kg3 Bc8 39.Ra1 Rb7 40.Ra2 {remis?}  Bd7 
{(offering draw) ok}  1/2-1/2

[Event "HCL-E1517"]
[Site "www.playchess.de"]
[Date "2006.01.10"]
[Round "8"]
[White "Chascarrillo"]
[Black "ALUISIO"]
[WhiteElo "1864"]
[BlackElo "1648"]
[PlyCount "47"]
[Result "1-0"]

1.d4 d5 {Good game!}  2.e4 dxe4 3.Nc3 Nf6 4.f3 Bf5 
5.g4 Bg6 6.g5 Nh5 7.fxe4 e6 8.Be2 Bb4 9.Bxh5 Nd7 
10.Bxg6 hxg6 11.a3 Be7 12.Qf3 Bxg5 13.Nge2 Bxc1 
14.Rxc1 Qe7 15.Nb5 Nb6 16.Qg3 Kd8 17.c4 a6 18.c5 
axb5 19.cxb6 c6 20.O-O Rh5 21.Qf2 Qg5+ 22.Ng3 f5 
23.d5 Ra4 24.dxc6 1-0

[Event "ACL-E206"]
[Site "www.playchess.de"]
[Date "2006.01.10"]
[Round "3"]
[White "FireOnBoard"]
[Black "kiril"]
[WhiteElo "2103"]
[BlackElo "1880"]
[PlyCount "170"]
[Result "0-1"]

1.e4 {Hi and good luck ;-)}  c5 {Hi and gooo 
game!}  2.Nf3 e6 3.d4 cxd4 4.Nxd4 Nc6 5.Nc3 Qc7 
6.Be2 a6 7.O-O Nf6 8.Be3 Be7 9.f4 d6 10.a4 O-O 
11.Kh1 Re8 12.a5 Nxa5 13.e5 dxe5 14.fxe5 Qxe5 
15.Bf4 Qc5 16.Na4 Qa7 17.Bc7 b5 18.Bxa5 bxa4 
19.Bf3 Bb7 20.Nc6 Qe3 21.Rxa4 Bf8 22.Rd4 Qg5 
23.Bd8 Qh6 24.Bxf6 gxf6 25.Rd7 Bxc6 26.Bxc6 Rab8 
27.Rd3 Rec8 28.Rh3 Qg6 29.Rg3 Rxc6 30.Rxg6+ hxg6 
31.Qc1 f5 32.g3 a5 33.b3 e5 34.Kg2 Bc5 35.Re1 Bd4 
36.Qd1 Rc3 37.Re2 {What do u think about the 
game?}  Rbc8 {It is very interesting!}  38.Rd2 {I 
agree with you. I hope u will not play the endgame 
like Topalov in WCC :-p}  Kg7 {:)}  39.Kf1 a4 
40.bxa4 Ra3 41.Ke2 Rc4 42.Qb1 Re3+ 43.Kf1 Rxa4 
44.Kg2 Ra1 45.Qb8 Rae1 46.c3 Rxc3 47.Ra2 g5 48.Qd8 
Be3 49.Qe7 Rc5 50.h4 g4 51.Rf2 Rd5 52.h5 e4 53.Ra2 
Rg1+ 54.Kh2 Rgd1 55.Kg2 Bh6 56.Qa3 Bg5 57.Qc3+ Bf6 
58.Qc6 R5d6 59.Qc8 R1d5 60.Qe8 R6d8 61.Qc6 Re5 
62.Qc4 Rh8 63.Ra7 Re7 64.Ra6 Rxh5 65.Qc8 Be5 
66.Ra8 Rc7 67.Qg8+ Kf6 68.Qd8+ Kg6 69.Qg8+ Bg7 
70.Ra6+ f6 71.Qe8+ Kg5 72.Ra2 Rh8 73.Qe6 Rb8 
74.Rf2 Rb5 75.Qg8 e3 76.Qd8 Rcb7 77.Re2 Re5 78.Qd4 
{Happy new year !!}  Rbe7 {Happy New Year 2006!}  
79.Kf1 Kg6 {Happy 2006!}  80.Qd8 R5e4 81.Kg2 R7e8 
82.Qd7 Bh6 83.Kf1 Bg5 84.Re1 R4e7 85.Qd3 
{Congratulations !! I will resign next move. Good 
luck in M-Class ;-)}  e2+ {Thank you! I wish you 
good luck in future.
Amici sumus!
Kind regards!}  0-1

[Event "HCL-B3641"]
[Site "www.playchess.de"]
[Date "2006.01.10"]
[Round "3"]
[White "mrchess"]
[Black "bossjos"]
[WhiteElo "1449"]
[BlackElo "1341"]
[PlyCount "183"]
[Result "1-0"]

1.d4 {good luck}  f5 {zelfde}  2.Bg5 Nf6 3.Bxf6 
exf6 4.e3 d5 5.Bd3 Nc6 6.c3 Be6 7.Qb3 Rb8 8.Nd2 
Bd6 9.f4 O-O 10.Ngf3 Na5 11.Qc2 g6 12.O-O Kg7 
13.Rac1 c5 14.Be2 c4 15.b4 Nc6 16.a4 b5 17.a5 a6 
18.Qd1 Qe7 19.Qe1 Rfe8 20.Kh1 h6 21.Qf2 h5 22.Nh4 
Qf7 23.Qg3 Reh8 24.Nhf3 Rh6 25.Qe1 Rb7 26.h3 Re7 
27.Ng1 Bd7 28.Bf3 Qe6 29.Qf2 Qxe3 30.Qxe3 Rxe3 
31.Bxd5 Ne7 32.Bb7 Bc8 33.Bf3 Bxf4 34.Rc2 Rh8 
35.Bxh5 Rxh5 36.Rxf4 Nd5 37.Rf3 Rxf3 38.Ndxf3 Ne3 
39.Rd2 Nf1 40.Rd1 Ng3+ 41.Kh2 f4 42.d5 g5 43.d6 
Bd7 44.Nd4 g4 45.Re1 Re5 46.Rxe5 fxe5 47.Nde2 Nf1+ 
48.Kh1 gxh3 49.gxh3 f3 50.Nxf3 Kf6 51.Kg2 Ne3+ 
52.Kh2 Ke6 53.h4 Kxd6 54.Ne1 Be8 55.Kg1 Nf5 56.Ng2 
Bh5 57.Kf2 Kd5 58.Ne3+ Ke6 59.Nxf5 Kxf5 60.Ng3+ 
Kg4 61.Nxh5 Kxh5 62.Kg3 e4 63.Kf4 Kxh4 64.Kxe4 Kg5 
65.Kd5 Kf4 66.Kc5 Ke3 67.Kb6 Kd3 68.Kxa6 Kxc3 
69.Kxb5 Kb3 70.a6 c3 71.a7 c2 72.a8Q c1Q 73.Qg8+ 
Kb2 74.Qg2+ Ka1 75.Qg7+ Kb1 76.Qg6+ Ka2 77.Qe6+ 
Kb1 78.Qe5 Ka2 79.Qd5+ Ka1 80.Qd4+ Kb1 81.Qc4 Qg5+ 
82.Qc5 Qg6 83.Ka5 Qe8 84.b5 Qa8+ 85.Kb4 Qe4+ 
86.Qc4 Qe7+ 87.Kc3 Qe1+ 88.Kb3 Qd1+ 89.Ka3 Qd8 
90.Qb4+ Kc1 91.Kb3 Qb6 92.Qe1+ 1-0

[Event "HCL-C4063"]
[Site "www.playchess.de"]
[Date "2006.01.10"]
[Round "19"]
[White "Ulpe"]
[Black "KristeK"]
[WhiteElo "1473"]
[BlackElo "800"]
[PlyCount "51"]
[Result "1-0"]

1.e4 e5 2.Nf3 Nc6 3.Bb5 a6 4.Ba4 Nf6 5.O-O Nxe4 
6.d4 exd4 7.Re1 d5 8.Nxd4 Bd7 9.f3 b5 10.fxe4 Nxd4 
11.Qxd4 bxa4 12.exd5+ Be7 13.Qxg7 Rf8 14.Bh6 Bb5 
15.Qxf8+ Kd7 16.Qxf7 Rb8 17.Qe6+ Ke8 18.Bg5 Rb6 
19.Qg8+ Kd7 20.Rxe7+ Qxe7 21.Bxe7 Kxe7 22.Nc3 Be8 
23.Re1+ Kd6 24.Qf8+ Kd7 25.Qxe8+ Kd6 
26.Qe7+ 1-0

[Event "HCL-C3996"]
[Site "www.playchess.de"]
[Date "2006.01.10"]
[Round "6"]
[White "HoshiX"]
[Black "pensalo"]
[WhiteElo "400"]
[BlackElo "680"]
[PlyCount "48"]
[Result "0-1"]

1.e3 e5 {Viel Spass und Grùsse aus Meran!}  2.Nf3 
Nc6 3.d4 exd4 4.Bb5 dxe3 5.Bxe3 Nf6 6.c4 Be7 7.a4 
O-O 8.h4 a6 9.Bxc6 dxc6 10.Ra3 Qxd1+ 11.Kxd1 Bxa3 
12.Nxa3 Bg4 13.Bg5 Ne4 14.g3 Bxf3+ 15.Kc2 Bxh1 
16.Be7 Rfe8 17.Bc5 Nxc5 18.b4 Nxa4 19.f4 Re3 20.f5 
Rxa3 21.c5 Re8 22.g4 Re2+ 23.Kd1 Rg2 24.f6 
Ra1+ 0-1

[Event "HCL-B3759"]
[Site "www.playchess.de"]
[Date "2006.01.10"]
[Round "27"]
[White "GCP"]
[Black "JRockne"]
[WhiteElo "1459"]
[BlackElo "1067"]
[PlyCount "51"]
[Result "1-0"]

1.e4 {hello from Rome, have a good game}  e5 {Good 
afternoon from Seattle.}  2.Nf3 Nc6 3.d4 d6 4.dxe5 
dxe5 5.Qxd8+ Nxd8 6.Nxe5 Nf6 7.Bc4 Be6 8.Bd3 Bd6 
9.Nf3 Nd7 10.O-O h6 11.Re1 O-O 12.Nc3 c6 13.e5 Bc7 
14.Bf4 b5 15.Ne4 Ba5 16.c3 Bb6 17.Nd6 Nc5 18.Bc2 
Ndb7 19.Rad1 Bxa2 20.b4 Nd7 21.Nxb7 f6 22.e6 Nb8 
23.Bd6 Re8 24.Bg6 Rxe6 25.Rxe6 Nd7 
26.Re8+ 1-0

[Event "HCL-E1513"]
[Site "www.playchess.de"]
[Date "2006.01.10"]
[Round "5"]
[White "baggur"]
[Black "siroos"]
[WhiteElo "1628"]
[BlackElo "1973"]
[PlyCount "62"]
[Result "0-1"]

1.e4 {hello again}  c5 {hi}  2.Nf3 e6 3.d4 cxd4 
4.Nxd4 a6 5.Nc3 Nc6 6.Be3 Qc7 7.Be2 Nf6 8.O-O Bb4 
9.Bf3 O-O 10.Nce2 Ne5 11.c3 Nxf3+ 12.Nxf3 Be7 
13.Bf4 d6 14.Ng3 b5 15.e5 Nd5 16.exd6 Bxd6 17.Bxd6 
Qxd6 18.Ne4 Qc7 19.a4 Bb7 20.Qe2 Nf4 21.Qe3 e5 
22.axb5 axb5 23.Ned2 f6 24.Rfd1 Rfd8 25.Rxa8 Rxa8 
26.Ne4 Rd8 27.Rxd8+ Qxd8 28.Qd2 Qa8 29.Nd6 Bxf3 
30.gxf3 Qa1+ 31.Qd1 {thanks for the game !}  
Qxd1+ 0-1

[Event "HCL-E1451"]
[Site "www.playchess.de"]
[Date "2006.01.10"]
[Round "1"]
[White "pascificblue"]
[Black "siroos"]
[WhiteElo "2002"]
[BlackElo "1984"]
[PlyCount "64"]
[Result "0-1"]

1.e4 c5 2.Nc3 Nc6 3.g3 g6 4.Bg2 Bg7 5.d3 d6 6.f4 
e6 7.Nf3 Nge7 8.O-O O-O 9.Be3 Nd4 10.Bf2 Nec6 
11.Nxd4 Nxd4 12.Rb1 Bd7 13.Ne2 Ba4 14.b3 Bc6 
15.Bxd4 cxd4 16.f5 exf5 17.exf5 Bxg2 18.Kxg2 Rc8 
19.Qd2 Be5 20.Rbc1 Kg7 21.Qb4 Qb6 22.Qxb6 axb6 
23.a4 Rc7 24.fxg6 {(offering draw)}  hxg6 25.c3 
{(offering draw)}  dxc3 26.d4 Bf6 27.Rc2 Re8 
28.Rf3 Rec8 29.Rd3 R7c6 30.Rcxc3 R6xc3 31.Nxc3 
Bxd4 32.Rxd4 {(offering draw)}  
Rxc3 0-1

[Event "ACL-A645"]
[Site "www.playchess.de"]
[Date "2006.01.10"]
[Round "18"]
[White "M_L"]
[Black "pavalinto"]
[WhiteElo "1500"]
[BlackElo "1711"]
[PlyCount "55"]
[Result "1-0"]

1.e4 e6 {good luck and a great game!}  2.d3 {To 
you too!}  d5 3.Nd2 Nf6 4.Ngf3 c5 5.Be2 Nc6 6.O-O 
Be7 7.Re1 O-O 8.c3 Bd7 9.exd5 Nxd5 10.Nb3 Qc7 
11.d4 cxd4 12.Nbxd4 a6 13.Bd3 Nf4 14.Be4 Ng6 
15.Bg5 Bxg5 16.Nxg5 Qf4 17.Qh5 h6 18.Ngxe6 fxe6 
19.Qxg6 Qxf2+ 20.Kh1 Rf6 21.Qh7+ Kf7 22.Nf3 Rf8 
23.Ref1 Qxb2 24.Rab1 Qxa2 25.Rxb7 Ke8 {good game!} 
 26.Rd1 {Gg, thanks =)}  Ne5 27.Qxg7 Qa4 
28.Rb8+ 1-0

[Event "HCL-A2450"]
[Site "www.playchess.de"]
[Date "2006.01.10"]
[Round "5"]
[White "Lennin"]
[Black "tuGGy"]
[WhiteElo "1465"]
[BlackElo "1552"]
[PlyCount "88"]
[Result "0-1"]

1.e4 {Hi!}  d5 2.e5 Bf5 3.d4 e6 4.Nf3 c5 5.c3 Nc6 
6.Na3 cxd4 7.cxd4 Bxa3 8.bxa3 Qa5+ 9.Qd2 Nge7 
10.Be2 Be4 11.Qxa5 Nxa5 12.O-O Rc8 13.Rd1 Nc4 
14.Bd2 Bxf3 15.Bxf3 Nxa3 16.Bb4 Nc2 17.Rab1 Nxb4 
18.Rxb4 b6 19.Be2 Nc6 20.Rbb1 f6 21.f4 Ke7 22.f5 
fxe5 23.dxe5 Nxe5 24.Rde1 exf5 25.Ba6 Kd6 26.Bxc8 
Rxc8 27.Re2 d4 28.Rd2 d3 29.h3 Kd5 30.Re1 Kd4 
31.Rxe5 Kxe5 32.Rxd3 Rc7 33.Rd8 Rb7 34.Kf2 b5 
35.Ke3 g5 36.Rg8 h6 37.Re8+ Kf6 38.Rh8 Kg7 39.Re8 
b4 40.h4 b3 41.axb3 Rxb3+ 42.Kf2 Rb7 43.hxg5 hxg5 
44.Re6 Rb2+ 0-1

[Event "HCL-E1537"]
[Site "www.playchess.de"]
[Date "2006.01.10"]
[Round "9"]
[White "kanturali"]
[Black "Rochemback"]
[WhiteElo "1978"]
[BlackElo "1511"]
[PlyCount "27"]
[Result "1-0"]

1.e4 e5 2.Nf3 Nc6 3.Bc4 Nf6 4.d4 Nxd4 5.Bxf7+ Ke7 
6.Nxe5 Ne6 7.Bxe6 Kxe6 8.Bf4 Nxe4 9.Qg4+ Ke7 
10.Bg5+ Nf6 11.Nc3 d6 12.Bxf6+ gxf6 13.Nd5+ Ke8 
14.Qh5+ 1-0

[Event "HCL-E1464"]
[Site "www.playchess.de"]
[Date "2006.01.10"]
[Round "28"]
[White "Andy1"]
[Black "PLAYCHESS1963"]
[WhiteElo "1487"]
[BlackElo "1761"]
[PlyCount "87"]
[Result "1-0"]

1.e4 c5 2.Nf3 d6 3.d4 cxd4 4.Nxd4 Nf6 5.Nc3 a6 
6.Bd3 e6 7.O-O Be7 8.Re1 Qc7 9.h3 Nc6 10.Nxc6 Qxc6 
11.Bg5 h6 12.Be3 b5 13.a3 Bb7 14.f3 O-O 15.Ne2 e5 
16.Ng3 Bc8 17.Rc1 Be6 18.Qe2 Rac8 19.Bf2 Nd7 20.c4 
bxc4 21.Bb1 Qb5 22.Ba2 g6 23.Be3 Kg7 24.Qd2 Rfh8 
25.Ne2 f5 26.Nc3 Qa5 27.Rc2 f4 28.Bf2 g5 29.Rd1 h5 
30.Nd5 Qxd2 31.Rdxd2 Bxd5 32.Rxd5 Nf6 33.Ra5 g4 
34.hxg4 hxg4 35.Rxc4 g3 36.Be1 Rcb8 37.b4 Rh2 
38.Rc7 Kf8 39.Rxa6 Bd8 40.Rf7+ Ke8 41.Rxd6 Nxe4 
42.fxe4 f3 43.Rxf3 Bb6+ 44.Kf1 1-0

[Event "HCL-B3734"]
[Site "www.playchess.de"]
[Date "2006.01.10"]
[Round "35"]
[White "ulibear"]
[Black "Bense"]
[WhiteElo "1296"]
[BlackElo "1061"]
[PlyCount "119"]
[Result "1-0"]

1.c4 {good luck!}  e5 2.Nc3 Nf6 3.e4 d6 4.d4 Nc6 
5.d5 Ne7 6.Bd3 c6 7.dxc6 Nxc6 8.Nd5 Nd4 9.Ne2 Nxe2 
10.Nxf6+ Qxf6 11.Qxe2 Be6 12.O-O g5 13.b3 h5 
14.Bb2 g4 15.f4 Qh4 16.g3 Qh3 17.fxe5 h4 18.exd6 
Bxd6 19.Bxh8 hxg3 20.e5 Bc5+ 21.Kh1 Qxh8 22.Be4 
O-O-O 23.Qg2 Qh4 24.Bxb7+ Kb8 25.Bd5 Rxd5 26.Qxg3 
Qxg3 27.hxg3 Rxe5 28.Rad1 Rh5+ 29.Kg2 Bf5 30.Rde1 
a6 31.Re5 Bg6 32.Rxh5 Bxh5 33.Rf5 Bg6 34.Rxc5 {a 
wonder has happened to me: from simply feeling 
depressed I've turned to purely optimist! :-)}  
Bb1 {A Xmas gift!}  35.Ra5 {thxs, but must still 
handle it with utmost care :-)}  Be4+ 36.Kf2 Kb7 
37.Re5 f5 38.Ke3 Bb1 39.a3 Bc2 40.b4 Kb6 41.Kf4 
Bb1 42.Rxf5 Bxf5 43.Kxf5 Kc6 44.Kxg4 Kd6 45.Kf5 
Ke7 46.b5 a5 47.a4 Kd6 48.g4 Kc5 49.g5 Kxc4 50.g6 
Kb4 51.g7 Kxa4 52.b6 Kb5 53.b7 a4 54.b8Q+ Kc4 
55.g8Q+ Kd4 56.Qf4+ Kc3 57.Qc8+ Kb3 58.Qfb8+ Ka2 
59.Qc2+ Ka3 60.Qbb2+ {gallant fight to the last 
bullet! :-)}  1-0

[Event "HCL-B3808"]
[Site "www.playchess.de"]
[Date "2006.01.10"]
[Round "14"]
[White "nichju"]
[Black "azary"]
[WhiteElo "973"]
[BlackElo "1201"]
[PlyCount "54"]
[Result "0-1"]

1.e4 {Greetings from Germany}  c5 2.Nc3 Nc6 3.Nf3 
Nf6 4.Bc4 Nxe4 5.Nxe4 d5 6.Nxc5 dxc4 7.O-O e6 8.b4 
Nxb4 9.Ne4 Bd7 10.Ba3 Bc6 11.Re1 Qb6 12.Nd6+ Bxd6 
13.Rb1 Qa5 14.Bb2 Qh5 15.Bxg7 Bxf3 16.Rxe6+ fxe6 
17.Qxf3 Qxf3 18.gxf3 Rg8 {hopless no?}  19.Re1 
Rxg7+ 20.Kf1 O-O-O 21.Rxe6 Nxc2 22.Re4 Na3 23.Re3 
Nc2 24.Rc3 Na3 25.d3 Bb4 26.Rc1 Bd2 27.Rd1 
c3 0-1

[Event "HCL-B3765"]
[Site "www.playchess.de"]
[Date "2006.01.10"]
[Round "19"]
[White "mib"]
[Black "scaper"]
[WhiteElo "863"]
[BlackElo "1324"]
[PlyCount "116"]
[Result "1/2-1/2"]

1.e4 c5 2.Qf3 Nc6 3.Bc4 Nf6 4.c3 e6 5.Nh3 Ne5 
6.Qe2 a6 7.O-O Bd6 8.Ng5 b5 9.Bd3 h6 10.Nf3 Bb8 
11.b3 Qc7 12.g3 Nxf3+ 13.Qxf3 Bb7 14.Bb2 h5 15.c4 
h4 16.Bxf6 gxf6 17.Qxf6 Qe5 18.Qxe5 Bxe5 19.Nc3 
hxg3 20.fxg3 O-O-O 21.Rxf7 Rdg8 22.Raf1 Bxg3 
23.hxg3 Rxg3+ 24.Kf2 Rxd3 25.Ke2 Rdh3 26.Kd1 b4 
27.Na4 d6 28.Nb6+ Kd8 29.Rd7+ Ke8 30.Rxd6 Ke7 
31.Rd7+ Ke8 32.Rxb7 R8h4 33.e5 R3h2 34.Rb8+ Ke7 
35.Rbf8 R2h1 36.R8f7+ Ke8 37.R7f8+ Ke7 38.Nc8+ Kd7 
39.Rxh1 Rxh1+ 40.Kc2 Re1 41.Nb6+ Kc7 42.Na4 Rxe5 
43.Nb2 Re2 44.Nd3 Kb6 45.Re8 Kc6 46.Nf4 Rf2 
47.Nxe6 Kd7 48.Ng7 Rg2 49.Re6 Rxg7 50.Rxa6 Rg3 
51.a3 bxa3 52.Rxa3 Rg2 53.Ra4 Kc6 54.Ra1 Kb6 
55.Rb1 Ka5 56.Kc3 Rg3+ 57.d3 Rf3 58.Rb2 Re3 
{(offering draw)}  1/2-1/2

[Event "HCL-B3673"]
[Site "www.playchess.de"]
[Date "2006.01.10"]
[Round "5"]
[White "bossjos"]
[Black "Tofik"]
[WhiteElo "1248"]
[BlackElo "1378"]
[PlyCount "111"]
[Result "1/2-1/2"]

1.e4 e5 2.Nf3 Nc6 3.Bc4 Bc5 4.c3 Nf6 5.d4 exd4 
6.e5 d5 7.Bb5 Ne4 8.cxd4 Bb4+ 9.Nbd2 O-O 10.h3 Ne7 
11.O-O Nxd2 12.Bxd2 Bxd2 13.Qxd2 a6 14.Bd3 Nf5 
15.Rac1 f6 16.Rfe1 fxe5 17.Nxe5 c6 18.Re2 Nxd4 
19.Bxh7+ Kxh7 20.Qxd4 Qg5 21.Rc3 Bf5 22.Rg3 Qf6 
23.Qc3 Rae8 24.Rf3 Qe6 25.Qd4 Be4 26.Rxf8 Rxf8 
27.Ng4 Qg6 28.Qe3 Bf5 29.Ne5 Qe6 30.Qg5 d4 31.g4 
Bb1 32.a3 Rf6 33.Qh5+ Rh6 34.Qg5 Rxh3 35.Qd8 d3 
36.Re1 Bc2 37.f3 d2 38.Qxd2 Bb3 39.Qd3+ g6 40.Kg2 
Rh6 41.Qd7+ Qxd7 42.Nxd7 Bd5 43.Nf6+ Kh8 44.Nxd5 
cxd5 45.Rd1 Rh7 46.Rxd5 Rc7 47.Rd2 Kg7 48.Kg3 Kf7 
49.Kf4 Ke7 50.Kg5 Rc6 51.f4 b5 52.Re2+ Kf7 53.Re3 
Rc2 54.b4 Rd2 55.Rc3 Rd6 56.Rc7+ {(offering draw)} 
 1/2-1/2

[Event "ACL-M085"]
[Site "www.playchess.de"]
[Date "2006.01.10"]
[Round "1"]
[White "Beezer"]
[Black "Southbourne_Chess"]
[WhiteElo "1973"]
[BlackElo "1927"]
[PlyCount "53"]
[Result "1-0"]

1.e4 {Hello again!}  c5 {Hi!!}  2.Nf3 d6 3.d4 cxd4 
4.Nxd4 Nf6 5.Nc3 a6 6.Be2 e5 7.Nb3 Be7 8.O-O O-O 
9.Be3 Be6 10.Qd2 Nc6 11.Rfd1 a5 12.a3 a4 13.Nc1 
Qa5 14.f3 Rfc8 15.Bf1 Bd8 16.Qf2 Nd4 17.Bxd4 exd4 
18.Nb5 d3 19.Bxd3 Bb6 20.Nd4 Qg5 21.Nce2 d5 22.f4 
Qh6 {Happy New Year!}  23.e5 {Happy New Year to 
you too!}  Ne4 24.Qf3 Qg6 25.h3 f5 26.Kh2 Bd7 
27.c3 1-0

[Event "ACL-A653"]
[Site "www.playchess.de"]
[Date "2006.01.10"]
[Round "2"]
[White "M_L"]
[Black "Vasudevan"]
[WhiteElo "1501"]
[BlackElo "1500"]
[PlyCount "51"]
[Result "1-0"]

1.e4 {Hi there, have a good tournament and games!} 
 e5 2.Bc4 Qf6 3.Nf3 Nc6 4.Nc3 d6 5.O-O Nd4 6.Nxd4 
exd4 7.Nb5 Qe7 8.Nxd4 Qxe4 9.Re1 Qxe1+ 10.Qxe1+ 
Be7 11.Nb5 Kd8 12.d3 h6 13.Bxf7 Bd7 14.Qc3 Bf6 
15.Qxc7+ Ke7 16.Nxd6 Rc8 17.Nxc8+ Kxf7 18.Qxd7+ 
Ne7 19.Nxe7 Bxe7 20.Bf4 Rd8 21.Qxb7 g5 22.Re1 Re8 
23.Qd5+ Kg6 24.Re6+ Kh5 25.Qf3+ g4 
26.Rxh6+ 1-0

[Event "HCL-B3729"]
[Site "www.playchess.de"]
[Date "2006.01.10"]
[Round "20"]
[White "benace"]
[Black "RUDI"]
[WhiteElo "1647"]
[BlackElo "1282"]
[PlyCount "28"]
[Result "0-1"]

1.e4 e5 {Hi, it`s me again. It wasn`t one day...}  
2.f4 Nc6 3.Nf3 d6 4.Bc4 Bg4 5.Nc3 Nf6 6.Bb5 Qd7 
7.O-O a6 8.Bxc6 Qxc6 9.d3 Be7 10.fxe5 dxe5 11.Be3 
O-O 12.Qd2 Bxf3 13.Rxf3 Ng4 14.Nd5 
Bd6 0-1

[Event "HCL-E1505"]
[Site "www.playchess.de"]
[Date "2006.01.10"]
[Round "1"]
[White "Sumpfkuh"]
[Black "Dutchin"]
[WhiteElo "1865"]
[BlackElo "1695"]
[PlyCount "59"]
[Result "1-0"]

1.d4 {Hi, from Germany, I wish us a good and 
interessed game.}  Nf6 {Thanks, I wish you the 
same here}  2.Nf3 d5 3.e3 Bf5 4.c4 Nc6 5.Nc3 e6 
6.cxd5 exd5 7.Bb5 Bd6 8.Ne5 Bxe5 9.dxe5 Ne4 
10.Qxd5 Nxc3 11.Bxc6+ Kf8 12.bxc3 bxc6 13.Ba3+ Kg8 
14.Qxc6 h6 15.O-O Kh7 16.Rfd1 Qg5 17.Bc5 Rhd8 
18.Rd4 Rab8 19.Bxa7 Rxd4 20.cxd4 Rb2 21.Bc5 Qd8 
22.a4 Qb8 23.Ba3 Rc2 24.Qf3 Bg6 25.h4 Kg8 26.a5 
Bd3 27.e6 fxe6 28.a6 Bxa6 29.Qe4 Rc3 
30.Qxe6+ 1-0

[Event "HCL-B3820"]
[Site "www.playchess.de"]
[Date "2006.01.10"]
[Round "1"]
[White "RUDI"]
[Black "dynamike"]
[WhiteElo "1257"]
[BlackElo "1610"]
[PlyCount "48"]
[Result "0-1"]

1.d4 Nf6 2.e3 g6 3.Bd3 Bg7 4.Nc3 d5 5.Bd2 O-O 
6.Nf3 Nbd7 7.O-O c5 8.Bb5 a6 9.Bxd7 Nxd7 10.dxc5 
Nxc5 11.Nd4 e5 12.Nb3 Nxb3 13.axb3 d4 14.exd4 exd4 
15.Ne2 Re8 16.Ng3 h5 17.Re1 Bg4 18.f3 Be6 19.Ra4 
d3 20.c3 Qb6+ 21.Re3 Bxb3 22.Qa1 Rxe3 23.Bxe3 
Qxe3+ 24.Kh1 Bxa4 0-1

[Event "HCL-C3985"]
[Site "www.playchess.de"]
[Date "2006.01.10"]
[Round "25"]
[White "valpa"]
[Black "klm"]
[WhiteElo "1082"]
[BlackElo "1028"]
[PlyCount "64"]
[Result "0-1"]

1.b4 b5 {Guten Abend und eín gutes Spiel wünsche 
ich}  2.Bb2 {Herzliche Grüsse aus der Schweiz}  
Nc6 3.a3 d5 4.e4 dxe4 5.Bxb5 Bd7 6.Be2 Nf6 7.d3 e5 
8.b5 Nd4 9.Nd2 Bxb5 10.dxe4 Bxe2 11.Nxe2 Nxe2 
12.Qxe2 Rb8 13.Bxe5 Bd6 14.Bxd6 cxd6 15.O-O O-O 
16.f3 Rb2 17.Nc4 Rb8 18.Rfd1 Ne8 19.Ne5 Qb6+ 
20.Kh1 dxe5 21.h3 Nf6 22.Kh2 g6 23.Rd2 Rbd8 
24.Rxd8 Rxd8 25.Rd1 Qa5 26.Rxd8+ Qxd8 27.Qf2 a5 
28.Qe2 Qc7 29.Qb5 Qc3 30.Qb8+ Kg7 31.Qd6 h5 32.Kg3 
Nxe4+ 0-1

[Event "HCL-E1446"]
[Site "www.playchess.de"]
[Date "2006.01.10"]
[Round "9"]
[White "Sinla"]
[Black "Kalango"]
[WhiteElo "1719"]
[BlackElo "1951"]
[PlyCount "53"]
[Result "1-0"]

1.e4 c5 2.Nf3 {I forgot to wish you good luck, so 
here goes: Good luck! ;)}  d6 {Hi Sinla! Thanks, 
same to you from Brighton, UK...}  3.d4 cxd4 
4.Nxd4 Nf6 5.Nc3 a6 6.Bc4 Nc6 7.O-O g6 8.Nxc6 bxc6 
9.e5 Ng4 10.exd6 Qxd6 11.Qxd6 exd6 12.Re1+ Be7 
13.Bf4 d5 14.Bxd5 {I love it when I have a chance 
for a flashy play. It doesn't happen that often 
you know ;)}  cxd5 15.Nxd5 Ra7 16.f3 Be6 17.Nxe7 
Rxe7 18.fxg4 Bxg4 19.c4 Kd7 20.Rxe7+ Kxe7 21.h3 
Be6 22.b3 Rd8 23.Kf2 f6 24.c5 Rd5 25.Rc1 g5 
26.Bd6+ Kd7 27.Rc2 {Happy newyear!} 
 1-0

[Event "HCL-B3716"]
[Site "www.playchess.de"]
[Date "2006.01.10"]
[Round "8"]
[White "mike2k37"]
[Black "masterj"]
[WhiteElo "1400"]
[BlackElo "1500"]
[PlyCount "51"]
[Result "1-0"]

1.Nf3 f5 2.d4 d5 3.e3 e6 4.c4 dxc4 5.Bxc4 h5 6.Bd2 
c5 7.O-O cxd4 8.Nxd4 g5 9.Bc3 Bg7 10.Qf3 Nd7 
11.Nxe6 Qb6 12.Nxg7+ Kd8 13.Ne6+ Ke7 14.Qxf5 Rh6 
15.Qxg5+ Ndf6 16.Bxf6+ Nxf6 17.Qxh6 Qxb2 18.Qg7+ 
Kd6 19.Rd1+ Ke5 20.Nd2 Bxe6 21.Rab1 Qc2 22.Rb5+ 
{apologies did not revceive e mails notifying me 
of moves}  Kd6 23.Qg3+ Kd7 24.Qg7+ Kd6 25.Ne4+ Kc6 
26.Rd6+ 1-0

[Event "HCL-A2494"]
[Site "www.playchess.de"]
[Date "2006.01.10"]
[Round "10"]
[White "Matu"]
[Black "kali"]
[WhiteElo "1426"]
[BlackElo "1456"]
[PlyCount "49"]
[Result "1-0"]

1.Nf3 Nf6 2.b3 g6 3.Bb2 Bg7 4.g3 O-O 5.Bg2 d6 
6.O-O c5 7.e3 Nc6 8.d4 cxd4 9.Nxd4 Nxd4 10.Bxd4 
Bg4 11.Qd2 Qc7 12.c4 a6 13.h3 Bd7 14.Bb2 Bc6 
15.Bxc6 Qxc6 16.Nc3 Ne4 17.Nxe4 Bxb2 18.Qxb2 Rac8 
19.Qd4 Rfd8 20.Rac1 e5 21.Qd5 Qxd5 22.cxd5 Kg7 
23.Rxc8 Rxc8 24.Nxd6 Rc7 25.Ne8+ 1-0

[Event "HCL-E1522"]
[Site "www.playchess.de"]
[Date "2006.01.10"]
[Round "17"]
[White "BohdanL"]
[Black "Tarrega"]
[WhiteElo "1499"]
[BlackElo "1565"]
[PlyCount "127"]
[Result "1-0"]

1.Nf3 {hi again, and have a nice game}  d6 {same 
to you}  2.d4 Bg4 3.e3 e6 4.c4 Nd7 5.Nc3 Be7 6.h3 
Bh5 7.g4 Bg6 8.Bd3 Bxd3 9.Qxd3 h6 10.h4 Ngf6 
11.Rg1 Nh7 12.b3 Bxh4 13.Nxh4 Qxh4 14.Bb2 Ng5 
15.Qe2 Nh7 16.O-O-O Qe7 17.d5 e5 18.Nb5 Nc5 19.Qc2 
a6 20.Nc3 e4 21.Ba3 Nd3+ 22.Kb1 Rb8 23.Rdf1 b5 
24.cxb5 axb5 25.b4 Ne5 26.Qxe4 Ng5 27.Qc2 Nc4 
28.Bc1 Nf3 29.Rg3 Nce5 30.Qe2 Qf6 31.Nxb5 O-O 
32.Bb2 Qe7 33.Rc1 Rb7 34.a3 Qd7 35.Nd4 Nxd4 
36.Bxd4 Qa4 37.Bb2 Ra8 38.Qd2 Qb5 39.e4 Nc4 40.Qc3 
Nxb2 41.Qxb2 Rba7 42.Rgc3 Kh7 43.R3xc7 R7xa3 
44.R7c3 R3a4 45.R3c4 Rb8 46.f3 Rba8 47.g5 Qa6 
48.b5 Qa5 49.Rxa4 Qxa4 50.gxh6 gxh6 51.Rg1 Rg8 
52.Rxg8 Kxg8 53.Kc1 Qc4+ 54.Kd2 Qf1 55.Qf6 Qf2+ 
56.Kd3 Qf1+ 57.Ke3 Qg1+ 58.Kf4 Qh2+ 59.Kg4 Qg2+ 
60.Kh5 Qh2+ 61.Qh4 Qe5+ 62.Kg4 f5+ 63.Kh3 fxe4 
64.Qg3+ 1-0

[Event "HCL-C4038"]
[Site "www.playchess.de"]
[Date "2006.01.11"]
[Round "2"]
[White "tbouma"]
[Black "garden"]
[WhiteElo "1137"]
[BlackElo "1034"]
[PlyCount "124"]
[Result "0-1"]

1.d4 e6 2.e4 f6 3.e5 f5 4.Nf3 d5 5.Bb5+ c6 6.Ba4 
b5 7.Bb3 a5 8.c3 b4 9.Ba4 Bb7 10.Ng5 Qe7 11.O-O h6 
12.Nf3 Ba6 13.Re1 bxc3 14.bxc3 Nd7 15.Bxc6 Rc8 
16.Qa4 Kf7 17.Bxd7 Rc4 18.Qxa5 Bc8 19.Bxc8 Rxc8 
20.Qa3 Qc7 21.Qa6 Ne7 22.Qd6 Nc6 23.Qxc7+ Rxc7 
24.Bf4 Na5 25.Bd2 Nc4 26.Bc1 Be7 27.Nbd2 Nb6 
28.Nb1 Na4 29.Bd2 Nb2 30.Bc1 Nd3 31.Rd1 Nxc1 
32.Rxc1 g5 33.Na3 Bxa3 34.Rcb1 g4 35.Nd2 Rxc3 
36.Rb7+ Kg6 37.g3 Rd3 38.Nb3 Bb2 39.Rb1 Bxd4 
40.Nxd4 Rxd4 41.R1b6 Rd1+ 42.Kg2 Re8 43.R7b8 Rxb8 
44.Rxb8 Kg7 45.Rb7+ Kf8 46.Rh7 Re1 47.Rxh6 Rxe5 
48.a4 d4 49.f4 Re2+ 50.Kf1 d3 51.a5 {..exciting 
end game...}  Ke7 {yup! lets see who grabs it!}  
52.a6 Ra2 53.Rh7+ Kd6 54.Ra7 Ra1+ 55.Kf2 d2 56.Ra8 
Rf1+ 57.Ke3 d1Q 58.Rd8+ Kc6 59.Rxd1 Rxd1 60.a7 Ra1 
61.Kd4 {oh I wish a pawn could move sideway...}  
Rxa7 62.Ke5 {going for broke..}  
Kd7 0-1